Guide to refrigeration CFC's
Guardat en:
| Autor principal: | |
|---|---|
| Altres autors: | |
| Format: | Desconegut |
| Publicat: |
Lilburn, GA : Fairmont Press
1992
|
| Matèries: | |
| Etiquetes: |
Afegir etiqueta
Sense etiquetes, Sigues el primer a etiquetar aquest registre!
|
MARC
| LEADER | 00000 a2200000 4500 | ||
|---|---|---|---|
| 003 | 000884 | ||
| 005 | 20221231143834.0 | ||
| 008 | 140114s1992 us a 000 ||e d | ||
| 040 | |c cru CEDI | ||
| 082 | |a 621.564 C278g | ||
| 100 | |a Salas, Carl E. |9 18719 | ||
| 245 | |a Guide to refrigeration CFC's | ||
| 260 | |c 1992 |a Lilburn, GA : Fairmont Press | ||
| 300 | |a x, 248 páginas : ilustraciones, |b fotocopia | ||
| 650 | |x CLOROFLUOROCARBONOS |x REFRIGERACION |9 18721 | ||
| 700 | |9 18720 |a Salas, Marianne | ||
| 942 | |2 ddc |c BK | ||
| 999 | |c 12910 |d 12910 | ||
